000
00294nam a22001217a 4500
082
_a
894.812.3
_b
SHA/K
100
_a
SHARON BOOKS
245
_a
KOTHIYANU PATIYA CHATHI
_b
BALAKADAKAL
260
_a
CHERTHALA
_b
SHARON BOOKS
300
_a
66
650
_a
MALAYALAM SHORT STORIES
_z
KERALA
942
_c
BK
999
_c
1149
_d
1149